Introduction to Sustainability (Record no. 12591)

MARC details
000 -LEADER
fixed length control field 00406nam a22001697a 4500
003 - CONTROL NUMBER IDENTIFIER
control field OSt
008 - FIXED-LENGTH DATA ELEMENTS--GENERAL INFORMATION
fixed length control field 240501b |||||||| |||| 00| 0 eng d
020 ## - INTERNATIONAL STANDARD BOOK NUMBER
International Standard Book Number 9789357466356
082 ## - DEWEY DECIMAL CLASSIFICATION NUMBER
Classification number 363.7 BRI
100 ## - MAIN ENTRY--PERSONAL NAME
Personal name BRINKMANN,Robert
245 ## - TITLE STATEMENT
Title Introduction to Sustainability
250 ## - EDITION STATEMENT
Edition statement 2nd Ed
260 ## - PUBLICATION, DISTRIBUTION, ETC. (IMPRINT)
Place of publication, distribution, etc New Delhi
Name of publisher, distributor, etc Wiley India
Date of publication, distribution, etc 2024
300 ## - PHYSICAL DESCRIPTION
Extent 338
700 ## - ADDED ENTRY--PERSONAL NAME
Personal name BHAMORIYA,Vaibhav
942 ## - ADDED ENTRY ELEMENTS (KOHA)
Source of classification or shelving scheme Dewey Decimal Classification
Koha item type Text Books
Holdings
Withdrawn status Lost status Source of classification or shelving scheme Damaged status Not for loan Collection code Home library Current library Date acquired Source of acquisition Currency Cost, normal purchase price Bill Number Total Checkouts Full call number Acc. no. / Barcode Date last seen Actual Cost, discounted price Bill Date Koha item type Checked out Date last borrowed
    Dewey Decimal Classification     MBA PIET C-LIBRARY PIET C-LIBRARY 06/04/2024 Zafaa Books and Distributors In rupees 999.00 ZBD0007   363.7 BRI 37133 01/05/2024 724.27 06/04/2024 Reference Books    
    Dewey Decimal Classification     MBA PIET C-LIBRARY PIET C-LIBRARY 06/04/2024 Zafaa Books and Distributors In rupees 999.00 ZBD0007   363.7 BRI 37134 01/05/2024 724.27 06/04/2024 Text Books    
    Dewey Decimal Classification     MBA PIET C-LIBRARY PIET C-LIBRARY 06/04/2024 Zafaa Books and Distributors In rupees 999.00 ZBD0007   363.7 BRI 37135 01/05/2024 724.27 06/04/2024 Text Books    
    Dewey Decimal Classification     MBA PIET C-LIBRARY PIET C-LIBRARY 06/04/2024 Zafaa Books and Distributors In rupees 999.00 ZBD0007 1 363.7 BRI 37136 29/01/2025 724.27 06/04/2024 Text Books 18/08/2025 29/01/2025

Design & Developed by: PIET Central Library
R70 Miles Stone Pattikalyana Samalkha Panipat 132102
mail ID :- [email protected], Phone No:- 0180-2569700 Ex.216